| 000 | 00514nam a2200157 i 4500 | ||
|---|---|---|---|
| 001 | 26094 | ||
| 003 | ES-MaACL | ||
| 005 | 20251014063054.0 | ||
| 007 | t| | ||
| 008 | 030107s1877 xxk ||||1| eng d | ||
| 100 | 0 |
_aCampbell, George Douglas, _cDuke of Argyll _934139 |
|
| 245 | 1 | 0 |
_aEssay on the Commercial Principles applicable to Contracts for the Hire of Land / _cDuke of Argyll. |
| 260 |
_aLondon : _b[s.n., _c1877] |
||
| 852 |
_aES-MaACL _jT-1302-F-10 |
||
| 999 |
_c26094 _d26094 |
||